[Event "Women's Speed Chess Q1"]
[Site "chess.com INT"]
[Date "2021.05.28"]
[Round "5"]
[White "Bodnaruk, Anastasia"]
[Black "Nurmanova, Alua"]
[Result "1-0"]
[WhiteTitle "IM"]
[BlackTitle "WFM"]
[WhiteElo "2457"]
[BlackElo "2008"]
[WhiteFideId "4181751"]
[BlackFideId "13729390"]
[EventDate "2021.05.28"]

1. e4 c5 2. Nc3 d6 3. Nge2 Nf6 4. d4 cxd4 5. Nxd4 a6 6. h3 e6 7. g4 Nfd7 8. g5
b5 9. Be3 Bb7 10. Bg2 Nc5 11. a3 Qc7 12. h4 Nbd7 13. Qe2 Ne5 14. O-O-O Nc4 15.
Ndxb5 axb5 16. Nxb5 Qa5 17. Qxc4 Ba6 18. a4 Rc8 19. Bxc5 Rxc5 20. Qd4 Bxb5 21.
axb5 Qxb5 22. Rh3 e5 23. Qd3 Qc6 24. Qb3 Be7 25. Qb8+ Bd8 26. c3 Ke7 27. Rhd3
Bc7 28. Qxh8 Qa4 29. Qxg7 Qa1+ 30. Kc2 Qa4+ 31. Kd2 Rb5 32. Qf6+ Ke8 33. b4 Qa2+
34. Ke1 Qc2 35. h5 Rb8 36. g6 hxg6 37. hxg6 fxg6 38. Qe6+ Kf8 39. Rf3+ Kg7 40.
Qf7+ Kh6 41. Rh3+ Kg5 42. Rg3+ Kh4 43. Qh7# 1-0

[Event "Women's Speed Chess Q1"]
[Site "chess.com INT"]
[Date "2021.05.28"]
[Round "5"]
[White "Borisova, Ekaterina"]
[Black "Nguyen, Thi Thanh An"]
[Result "0-1"]
[WhiteTitle "FM"]
[BlackTitle "WGM"]
[WhiteElo "2268"]
[BlackElo "2259"]
[WhiteFideId "34124184"]
[BlackFideId "12400300"]
[EventDate "2021.05.28"]

1. d4 Nf6 2. c4 g6 3. Nc3 Bg7 4. Nf3 d6 5. g3 O-O 6. Bg2 Nc6 7. O-O Bg4 8. d5
Bxf3 9. exf3 Na5 10. Qe2 Nd7 11. Bd2 c5 12. f4 a6 13. h4 Nf6 14. Rab1 Re8 15.
Rfe1 Rb8 16. b3 b6 17. a4 Qc7 18. Qd3 Qd7 19. Re2 Qc7 20. Qc2 e6 21. Rbe1 exd5
22. Bxd5 Rxe2 23. Rxe2 Nc6 24. Bxc6 Qxc6 25. Qd3 Rd8 26. Nd5 Nxd5 27. cxd5 Qb7
28. h5 Qc8 29. hxg6 hxg6 30. Re7 Bf6 31. Re1 Qb7 32. f5 g5 33. Bc3 Bxc3 34. Qxc3
Qxd5 35. Qf6 Ra8 36. Qxg5+ Kh7 37. Qh5+ Kg8 38. Qg4+ Kh7 39. Re4 b5 40. Qh5+ Kg8
41. Rg4+ Kf8 42. Qh8+ Ke7 43. f6+ Kd7 44. Qh3 Kc7 45. Rg7 bxa4 46. bxa4 Rb8 47.
Kh2 Rb2 48. Qg2 Qe6 49. g4 Qxf6 50. Kg3 Rb3+ 51. f3 Qxg7 52. Qe2 Qe5+ 53. Qxe5
dxe5 54. g5 c4 55. Kg4 c3 56. Kf5 c2 57. g6 Rxf3+ 58. Ke4 fxg6 59. Kxf3 c1=Q 60.
Ke4 Qa3 61. Kxe5 Qxa4 62. Kf6 Qb5 63. Kg7 a5 64. Kxg6 a4 65. Kf7 a3 0-1

[Event "Women's Speed Chess Q1"]
[Site "chess.com INT"]
[Date "2021.05.28"]
[Round "5"]
[White "Priyanka, K"]
[Black "Tanishka, Kotia"]
[Result "1/2-1/2"]
[WhiteTitle "WIM"]
[BlackTitle "WFM"]
[WhiteElo "2218"]
[BlackElo "1849"]
[WhiteFideId "5082986"]
[BlackFideId "25005600"]
[EventDate "2021.05.28"]

1. e4 c5 2. Nf3 Nc6 3. d4 cxd4 4. Nxd4 g6 5. Nc3 Bg7 6. Be3 Nf6 7. Bc4 O-O 8.
Bb3 a5 9. O-O a4 10. Nxa4 Nxe4 11. Nb5 Ra6 12. Qd3 d5 13. Rad1 Nb4 14. Qe2 e6
15. f3 Nd6 16. Nxd6 Qxd6 17. Bc5 Qc6 18. Bxb4 Rxa4 19. Bxf8 Kxf8 20. Bxa4 Qxa4
21. c3 b6 22. b3 Qc6 23. c4 d4 24. Qe4 Qc5 25. Rd3 e5 26. g4 Qc7 27. Qa8 Bf6 28.
Rc1 Bg5 29. Re1 Kg7 30. Qd5 Bf4 31. b4 Bb7 32. Qb5 Bc6 33. Qa6 Bb7 34. Qb5 Bc6
35. Qa6 Bb7 36. Qb5 1/2-1/2

[Event "Women's Speed Chess Q1"]
[Site "chess.com INT"]
[Date "2021.05.28"]
[Round "5"]
[White "Adam, Ernestina"]
[Black "Thipsay, Bagyashree Sathe"]
[Result "1-0"]
[WhiteTitle "WCM"]
[BlackTitle "WIM"]
[WhiteElo "1354"]
[BlackElo "2072"]
[WhiteFideId "165883"]
[BlackFideId "5001013"]
[EventDate "2021.05.28"]

1. e4 e6 2. Qe2 c5 3. g3 Nc6 4. Nf3 Be7 5. Bg2 Nf6 6. c3 d5 7. e5 Nd7 8. O-O Qb6
9. d3 O-O 10. a4 Qa6 11. Bd2 b5 12. Na3 bxa4 13. Nc2 Rb8 14. Rfb1 Nb6 15. b3 a3
16. Rxa3 Qb7 17. Bg5 h6 18. Bxe7 Qxe7 19. b4 cxb4 20. Nxb4 Nxb4 21. Rxb4 a6 22.
Nd4 Qc5 23. Rab3 Bd7 24. f4 a5 25. Rb5 Bxb5 26. Rxb5 Qxc3 27. Qe3 Nc4 28. Qf2
Qa1+ 29. Bf1 1-0

[Event "Women's Speed Chess Q1"]
[Site "chess.com INT"]
[Date "2021.05.28"]
[Round "5"]
[White "Martynkova, Olena"]
[Black "Perez Rodriguez, Jennifer"]
[Result "1-0"]
[WhiteTitle "WIM"]
[BlackTitle "WIM"]
[WhiteElo "2195"]
[BlackElo "2251"]
[WhiteFideId "14134039"]
[BlackFideId "3507831"]
[EventDate "2021.05.28"]

1. d4 Nf6 2. c4 e6 3. Nf3 d5 4. g3 Be7 5. Bg2 O-O 6. O-O dxc4 7. Qc2 a6 8. a4
Bd7 9. Rd1 Bc6 10. Nc3 a5 11. e4 Na6 12. Ne5 Nb4 13. Qe2 Nd7 14. Nxc6 Nxc6 15.
Qxc4 Nb6 16. Qd3 Nb4 17. Qe2 Qd7 18. Bf4 c6 19. Be3 Nc8 20. d5 exd5 21. exd5 c5
22. Rac1 Bd6 23. Ne4 b6 24. Qh5 Qe7 25. Bg5 f6 26. Nxd6 Nxd6 27. Bf4 Rad8 28.
Re1 Qf7 29. Qxf7+ Rxf7 30. Re6 Rfd7 31. Rd1 g5 32. Bd2 Kf7 33. Bc3 Ne8 34. Rxb6
Nxd5 35. Rxd5 Rxd5 36. Bxd5+ Rxd5 37. Rb5 Nc7 38. Rxa5 Ne6 39. Ra7+ Kg6 40. a5
Rd1+ 41. Kg2 g4 42. f3 h5 43. fxg4 hxg4 44. a6 Ra1 45. Ra8 Ng5 46. a7 Kf5 47.
Rf8 Ne4 48. a8=Q 1-0

[Event "Women's Speed Chess Q1"]
[Site "chess.com INT"]
[Date "2021.05.28"]
[Round "5"]
[White "Kazarian, Anna-Maja"]
[Black "Antova, Gabriela"]
[Result "0-1"]
[WhiteTitle "FM"]
[BlackTitle "FM"]
[WhiteElo "2096"]
[BlackElo "2250"]
[WhiteFideId "1033689"]
[BlackFideId "2915235"]
[EventDate "2021.05.28"]

1. e4 c5 2. Nf3 Nc6 3. d4 cxd4 4. Nxd4 e5 5. Nb5 d6 6. N1c3 a6 7. Na3 b5 8. Nd5
Nge7 9. c4 Nxd5 10. exd5 Nd4 11. cxb5 Bd7 12. bxa6 Qa5+ 13. Bd2 Qxd5 14. Be3 Qe4
15. Qb1 d5 16. Qxe4 dxe4 17. Bxd4 exd4 18. Nb5 Bb4+ 19. Kd1 Ke7 20. a3 Ba5 21.
a7 Bb6 22. Bc4 Rhc8 23. b3 Bxa7 24. Nxa7 Rxa7 25. Re1 f5 26. f3 Bc6 27. fxe4
fxe4 28. Bd3 e3 29. Rg1 Rf8 30. Rc1 Bd5 31. Be2 Bxb3+ 32. Ke1 Rd7 33. Bd3 Rf2
34. Rb1 Bc2 35. Bxc2 Rxc2 36. Rb5 Ke6 37. Kd1 Ra2 38. Rf1 e2+ 39. Ke1 exf1=Q+
40. Kxf1 Rc7 0-1

[Event "Women's Speed Chess Q1"]
[Site "chess.com INT"]
[Date "2021.05.28"]
[Round "5"]
[White "Eswaran, Ashritha"]
[Black "Dubnikova, Anastasia"]
[Result "1-0"]
[WhiteTitle "WIM"]
[BlackTitle "WFM"]
[WhiteElo "2244"]
[BlackElo "2197"]
[WhiteFideId "2080788"]
[BlackFideId "44153759"]
[EventDate "2021.05.28"]

1. e4 e6 2. d4 d5 3. Nc3 Bb4 4. e5 b6 5. Qg4 Bf8 6. a4 Ba6 7. Bxa6 Nxa6 8. a5 c5
9. axb6 axb6 10. h4 h5 11. Qd1 Ne7 12. Nf3 Nf5 13. Bg5 Qd7 14. O-O Be7 15. dxc5
bxc5 16. Qe2 c4 17. b3 O-O 18. Bxe7 Qxe7 19. bxc4 Rfc8 20. cxd5 Rxc3 21. Rxa6
Rxa6 22. Qxa6 exd5 23. Qa8+ Qf8 24. Qxd5 Rxc2 25. Qe4 Qc8 26. Ra1 Rc1+ 27. Rxc1
Qxc1+ 28. Kh2 Qc8 29. Ng5 g6 30. e6 fxe6 31. Nxe6 Qe8 32. Qe5 Qe7 33. g3 Kf7 34.
Ng5+ Kg8 35. Qb8+ Kg7 36. Qb2+ Kg8 37. Kg2 Qd7 38. Qb3+ Kg7 39. Qc3+ Kg8 40.
Qc4+ Kg7 41. Ne6+ Kf6 42. Nf4 Qb7+ 43. Kg1 Qd7 44. Qg8 Qf7 45. Qh8+ Ke7 46. Qc8
Kf6 47. Qc3+ Ke7 48. Qc6 Nd6 49. Qc7+ Kf6 50. Qxd6+ Kg7 51. Qxg6+ Qxg6 52. Nxg6
Kxg6 53. Kg2 Kf5 54. Kf3 Ke5 55. g4 hxg4+ 56. Kxg4 Kf6 57. f4 Kg6 58. f5+ Kf6
59. Kf4 Kg7 60. Ke5 Kh6 61. f6 1-0

[Event "Women's Speed Chess Q1"]
[Site "chess.com INT"]
[Date "2021.05.28"]
[Round "5"]
[White "Girya, Olga"]
[Black "Mohota, Nisha"]
[Result "0-1"]
[WhiteTitle "WGM"]
[BlackTitle "IM"]
[WhiteElo "2451"]
[BlackElo "2195"]
[WhiteFideId "4195752"]
[BlackFideId "5004330"]
[EventDate "2021.05.28"]

1. d4 d5 2. c4 e6 3. Nf3 Nf6 4. Nc3 Be7 5. Bf4 O-O 6. e3 b6 7. Bd3 Bb7 8. cxd5
Nxd5 9. Nxd5 Qxd5 10. Qc2 Bb4+ 11. Ke2 h6 12. a3 Bd6 13. e4 Qc6 14. Qxc6 Nxc6
15. Be3 e5 16. d5 Ne7 17. Nd2 c6 18. Nc4 Rad8 19. Nxd6 Rxd6 20. dxc6 Nxc6 21.
Rhc1 Rfd8 22. Bc4 Nd4+ 23. Kf1 Bxe4 24. f3 Bd5 25. Bxd4 Bxc4+ 26. Rxc4 exd4 27.
Rd1 g6 28. Ke2 Kg7 29. Kd3 Re6 30. Rd2 Re3+ 31. Kc2 d3+ 32. Kc3 h5 33. Rd4 Rc8+
34. Kb3 Kf6 35. R4xd3 Rxd3+ 36. Rxd3 Rc7 37. Re3 Kf5 38. Kb4 h4 39. a4 Rc2 40.
g4+ Kf4 41. Re7 Rxb2+ 42. Kc3 Rxh2 43. Rxf7+ Kg3 44. Rf6 g5 45. f4 gxf4 46. g5
Kf3 47. g6 Rg2 48. Kd4 h3 49. Ke5 Rg4 50. g7 Rxg7 51. Rxf4+ Kg2 52. Rh4 h2 0-1

[Event "Women's Speed Chess Q1"]
[Site "chess.com INT"]
[Date "2021.05.28"]
[Round "5"]
[White "Vantika, Agrawal"]
[Black "Shuvalova, Polina"]
[Result "0-1"]
[WhiteTitle "WIM"]
[BlackTitle "IM"]
[WhiteElo "2286"]
[BlackElo "2484"]
[WhiteFideId "25050389"]
[BlackFideId "24171760"]
[EventDate "2021.05.28"]

1. d4 Nf6 2. c4 e6 3. g3 c5 4. d5 exd5 5. cxd5 d6 6. Nc3 g6 7. Nf3 Bg7 8. Bg2
O-O 9. O-O Re8 10. Re1 Nbd7 11. Bf4 Nh5 12. Bg5 Qc7 13. e4 a6 14. a4 Nhf6 15. h3
h6 16. Bd2 c4 17. Bf4 g5 18. Be3 Rb8 19. a5 b5 20. axb6 Nxb6 21. Nd4 Nbd7 22.
Nc6 Rxb2 23. Bd4 Rb3 24. Bf1 Nc5 25. Bxc4 Rxc3 26. Bxc3 Ncxe4 27. Ba5 Qd7 28.
Bf1 Qf5 29. Ra2 Nxd5 30. Bg2 Bd7 31. Bxe4 Rxe4 32. Rxe4 Bxc6 33. Rae2 Nf6 34.
R4e3 Qxa5 35. Qe1 Qd5 36. f3 Nh5 37. Kg2 Be5 38. Rd2 Qc5 39. Qe2 Nxg3 40. Qd3
Qc1 41. Rxe5 dxe5 42. Kxg3 Bb5 43. Qd8+ Kg7 44. Qd6 Qe1+ 45. Rf2 h5 46. Kg2 h4
47. Qe7 Qe3 48. Qd8 Qf4 0-1

[Event "Women's Speed Chess Q1"]
[Site "chess.com INT"]
[Date "2021.05.28"]
[Round "5"]
[White "Mamedjarova, Turkan"]
[Black "Berend, Elvira"]
[Result "0-1"]
[WhiteTitle "WGM"]
[BlackTitle "WGM"]
[WhiteElo "2309"]
[BlackElo "2326"]
[WhiteFideId "13402005"]
[BlackFideId "4000510"]
[EventDate "2021.05.28"]

1. d4 Nf6 2. Nf3 g6 3. Bf4 Bg7 4. e3 d6 5. Bc4 O-O 6. O-O b6 7. Nbd2 Bb7 8. c3
a6 9. b4 Nbd7 10. a4 Nh5 11. Bg3 Nxg3 12. hxg3 e5 13. Qb3 Qe7 14. e4 Nf6 15.
Rfe1 Bh6 16. Rad1 Kg7 17. Bd5 c6 18. Bc4 b5 19. Bd3 Rfc8 20. c4 exd4 21. e5 dxe5
22. Nxe5 Bxd2 23. Rxd2 bxa4 24. Qxa4 c5 25. bxc5 Qxc5 26. Rde2 Rc7 27. g4 h6 28.
Qc2 g5 29. Bg6 d3 30. Qxd3 Rf8 31. Re3 Be4 32. Rxe4 Nxe4 33. Qxe4 Re7 34. Bxf7
Qd6 35. Bd5 Rfe8 36. Qf5 Rxe5 37. Qf7+ Kh8 38. Rxe5 Qxe5 39. Qg6 Qe1+ 40. Kh2
Qe5+ 41. g3 Re7 42. Bf7 Rxf7 43. Qxf7 Qg7 44. Qxg7+ Kxg7 45. f4 Kf6 46. Kg2 a5
47. Kf3 a4 48. Ke4 a3 0-1

[Event "Women's Speed Chess Q1"]
[Site "chess.com INT"]
[Date "2021.05.28"]
[Round "5"]
[White "Sukandar, Irine Kharisma"]
[Black "Harika, Dronavalli"]
[Result "0-1"]
[WhiteTitle "IM"]
[BlackTitle "GM"]
[WhiteElo "2413"]
[BlackElo "2515"]
[WhiteFideId "7101937"]
[BlackFideId "5015197"]
[EventDate "2021.05.28"]

1. d4 e6 2. Bf4 b6 3. e4 Bb7 4. Nd2 d6 5. Ngf3 Nd7 6. Bd3 g6 7. h4 h6 8. e5 d5
9. Nf1 Ne7 10. Ng3 c5 11. c3 Nc6 12. O-O Be7 13. h5 g5 14. Be3 Qc7 15. Nh2 O-O-O
16. Ng4 Kb8 17. Qe2 Ka8 18. a4 c4 19. Bc2 f5 20. exf6 Nxf6 21. Rae1 Nxg4 22.
Qxg4 e5 23. dxe5 Nxe5 24. Qe2 Nc6 25. Nf5 Bf6 26. Qg4 Bc8 27. Qg3 Be5 28. f4
gxf4 29. Bxf4 Bxf4 30. Qxf4 Qxf4 31. Rxf4 Rhf8 32. Rf3 Rf6 33. Rd1 Ne5 34. Rff1
Kb8 35. Nd4 Rdf8 36. Rxf6 Rxf6 37. Re1 Ng4 38. Bg6 Bd7 39. a5 Kc7 40. axb6+ axb6
41. Ra1 Kd6 42. Re1 Ne5 43. Bc2 Rf4 44. Bd1 Nd3 45. Re2 Bg4 46. Rd2 Bxd1 47.
Rxd1 Nxb2 48. Rb1 Na4 49. Ne2 Re4 50. Kf2 Kc5 0-1

[Event "Women's Speed Chess Q1"]
[Site "chess.com INT"]
[Date "2021.05.28"]
[Round "5"]
[White "Franco Valencia, Angela"]
[Black "Kabanova, Ekaterina"]
[Result "0-1"]
[WhiteTitle "WIM"]
[BlackTitle "WFM"]
[WhiteElo "2089"]
[BlackElo "2138"]
[WhiteFideId "4403070"]
[BlackFideId "24112917"]
[EventDate "2021.05.28"]

1. e4 c5 2. Nf3 e6 3. d4 cxd4 4. Nxd4 a6 5. Nc3 Qc7 6. g3 b5 7. Bg2 Bb7 8. O-O
d6 9. Kh1 Nf6 10. a3 Be7 11. f4 Nbd7 12. g4 h6 13. Re1 Rc8 14. Be3 Nc5 15. Bg1
Qb8 16. f5 e5 17. Nb3 Nxb3 18. cxb3 Nh7 19. Rc1 O-O 20. Be3 Rc7 21. Qd2 Rfc8 22.
Kg1 Ba8 23. h3 b4 24. axb4 Qxb4 25. Nd5 Qxd2 26. Nxe7+ Kf8 27. Ng6+ fxg6 28.
Bxd2 gxf5 29. gxf5 Rxc1 30. Rxc1 Rxc1+ 31. Bxc1 Nf6 32. Kf2 Bxe4 33. Bf1 Bxf5
34. h4 Bc8 35. Bd2 Ke7 36. Bb4 Nd5 37. Ba3 g5 38. hxg5 hxg5 39. Kf3 Nf6 40. Bc4
Bb7+ 41. Kg3 Kd7 42. Bf7 a5 43. b4 a4 44. b5 Kc7 45. b3 axb3 46. Bxb3 Bc8 47.
b6+ Kc6 48. Bc2 Kd5 49. Kf3 Bb7 50. Kg3 e4 51. Bb3+ Ke5 52. Kf2 d5 53. Bb2+ d4
54. Ke2 Ba6+ 55. Kf2 e3+ 56. Kg3 Ke4 57. Bf7 Bb7 58. Bg6+ Ke5 59. Bd3 Ne4+ 60.
Bxe4 Kxe4 61. Kg2 d3 62. Kf1 d2 63. Ke2 Ba6+ 64. Kd1 Kd3 65. Bc3 e2# 0-1

[Event "Women's Speed Chess Q1"]
[Site "chess.com INT"]
[Date "2021.05.28"]
[Round "5"]
[White "Mahalakshmi, M"]
[Black "Zakirova, Aisha"]
[Result "1-0"]
[WhiteTitle "WIM"]
[BlackTitle "WCM"]
[WhiteElo "2253"]
[BlackElo "1585"]
[WhiteFideId "5001080"]
[BlackFideId "13719734"]
[EventDate "2021.05.28"]

1. d4 Nf6 2. Nc3 d5 3. Bf4 c5 4. e3 a6 5. Nf3 Nc6 6. dxc5 Qa5 7. Bd3 Qxc5 8. O-O
g6 9. Na4 Qa5 10. c3 Bg7 11. Nd4 O-O 12. Nxc6 bxc6 13. b4 Qd8 14. Be5 Nd7 15.
Bxg7 Kxg7 16. e4 Ne5 17. Re1 Nxd3 18. Qxd3 a5 19. Nc5 axb4 20. cxb4 dxe4 21.
Qxe4 Bf5 22. Qxc6 Qd2 23. Rxe7 Rxa2 24. Rf1 Qxb4 25. Qd5 Ra5 26. Qe5+ Kg8 27.
Rc7 Bd3 28. Nxd3 Rxe5 29. Nxb4 Rb5 30. Nc6 Re8 31. Re7 Rc8 32. Nd4 Rb4 33. Nf3
Rc2 34. Ne5 Re2 35. Nc6 Rxe7 36. Nxb4 Rb7 37. Nd5 Rb3 38. Ne3 Kg7 39. g3 Rc3 40.
Rd1 Kh6 41. Kg2 f5 42. Rd7 g5 43. Nxf5+ Kg6 44. g4 h5 45. Rd6+ Kf7 46. gxh5 1-0

[Event "Women's Speed Chess Q1"]
[Site "chess.com INT"]
[Date "2021.05.28"]
[Round "5"]
[White "Gevorgyan, Maria"]
[Black "Belenkaya, Dina"]
[Result "0-1"]
[WhiteTitle "WGM"]
[BlackTitle "WGM"]
[WhiteElo "2219"]
[BlackElo "2304"]
[WhiteFideId "13300270"]
[BlackFideId "24142654"]
[EventDate "2021.05.28"]

1. e4 d5 2. exd5 Qxd5 3. Nf3 Bg4 4. Be2 Nc6 5. Nc3 Qa5 6. h3 Bh5 7. d4 O-O-O 8.
g4 Bg6 9. Bf4 Nf6 10. Qd2 e6 11. a3 Bb4 12. O-O Bxc3 13. bxc3 Ne4 14. Qe3 Nxc3
15. Bg5 Nxe2+ 16. Qxe2 Nxd4 17. Nxd4 Rxd4 18. Be3 Rd5 19. Rfb1 Rhd8 20. Rb3 h5
21. Rab1 b6 22. Kh2 hxg4 23. hxg4 Rh8+ 24. Kg3 Kb7 25. Rb5 Rxb5 26. Rxb5 Qxa3
27. Qf3+ Kb8 28. Kg2 Qa4 29. Re5 Qxc2 30. Bf4 Qb1 31. Bh2 Rd8 32. Re3 Rd4 33.
Qg3 Be4+ 34. Kh3 Qc2 35. Re2 Rd3 36. Rxc2 Rxg3+ 37. Bxg3 Bxc2 38. Be5 a5 39.
Bxg7 b5 40. Bc3 b4 41. Bd4 b3 42. Kh4 a4 43. Bb2 Be4 44. Kg5 c5 45. Kf6 Bg6 46.
f4 Kc7 47. f5 exf5 48. gxf5 Bh5 49. Kg5 Bf3 50. Kf6 Bd5 51. Ke5 Kc6 52. Ba3 Bc4
53. Bb2 Kb5 54. Kd6 Bd3 55. Ke7 Bxf5 56. Kxf7 Kb4 57. Kf6 Bd3 58. Ke5 a3 59. Bc1
b2 60. Bd2+ Kb3 0-1

[Event "Women's Speed Chess Q1"]
[Site "chess.com INT"]
[Date "2021.05.28"]
[Round "5"]
[White "Balabayeva, Xeniya"]
[Black "Zhai, Mo"]
[Result "0-1"]
[WhiteTitle "WFM"]
[BlackTitle "WGM"]
[WhiteElo "2178"]
[BlackElo "2366"]
[WhiteFideId "13719688"]
[BlackFideId "8600201"]
[EventDate "2021.05.28"]

1. e4 c5 2. Nf3 Nc6 3. Bb5 d5 4. exd5 Qxd5 5. Nc3 Qe6+ 6. Qe2 Qxe2+ 7. Bxe2 Nb4
8. Kd1 Bf5 9. Bb5+ Kd8 10. d3 a6 11. Bc4 e6 12. a3 Nc6 13. a4 Nf6 14. Bf4 Bg4
15. h3 Bxf3+ 16. gxf3 Nd4 17. Ne4 Nxf3 18. c3 Nxe4 19. dxe4 Be7 20. Ke2 Nh4 21.
Rad1+ Kc8 22. Bg3 Ng6 23. f4 Bh4 24. Bh2 Ne7 25. a5 Rd8 26. Rxd8+ Kxd8 27. Rd1+
Ke8 28. Bg1 Rc8 29. Kf3 Nc6 30. Ra1 Bd8 31. Be2 Nxa5 32. Be3 c4 33. Rg1 g6 34.
f5 exf5 35. exf5 Nb3 36. fxg6 hxg6 37. Rg4 b5 38. Re4+ Kd7 39. Rg4 Be7 40. Bf2
Bc5 41. Bxc5 Rxc5 42. Kf2 Rd5 43. Ke1 Rd2 44. Rg2 Ke7 45. Bf3 Rxg2 46. Bxg2 Nc5
47. Kd2 Kf6 48. Bc6 Ke5 49. Ke3 f5 0-1

[Event "Women's Speed Chess Q1"]
[Site "chess.com INT"]
[Date "2021.05.28"]
[Round "5"]
[White "Gaponenko, Inna"]
[Black "Sviridova, Vlada"]
[Result "1-0"]
[WhiteTitle "IM"]
[BlackTitle "WFM"]
[WhiteElo "2357"]
[BlackElo "2144"]
[WhiteFideId "14101181"]
[BlackFideId "24109606"]
[EventDate "2021.05.28"]

1. e4 e6 2. d4 d5 3. exd5 exd5 4. Nf3 Bd6 5. c4 Nf6 6. Nc3 dxc4 7. Bxc4 O-O 8.
O-O Nc6 9. h3 h6 10. Re1 Re8 11. Rxe8+ Qxe8 12. Qc2 a6 13. Be3 b5 14. Be2 Nb4
15. Qd2 Nbd5 16. Ne5 Bxe5 17. dxe5 Qxe5 18. Bf3 c6 19. Bd4 Qg5 20. Qxg5 hxg5 21.
Bxf6 Nxf6 22. Bxc6 Ra7 23. Nd5 Be6 24. Nxf6+ gxf6 25. b4 Rc7 26. Bf3 Kg7 27. a4
Rc4 28. axb5 axb5 29. Rb1 Rc2 30. Be4 Rd2 31. Bc6 Bc4 32. g4 Kf8 33. Kg2 Ke7 34.
Kg3 Kd6 35. Be4 Bd3 36. Bxd3 Rxd3+ 37. f3 Rd4 38. h4 gxh4+ 39. Kxh4 Ke5 40. Kg3
Rd3 41. Re1+ Kd4 42. Re7 Rb3 43. Rxf7 Rxb4 44. Rxf6 Ke5 45. Rb6 Rb1 46. f4+ Ke4
47. Re6+ Kd5 48. f5 Rg1+ 49. Kf4 b4 50. Rb6 Kc5 51. Rb8 Rf1+ 52. Kg5 Rf3 53. Kg6
b3 54. f6 Kd6 55. g5 Ke6 56. Kg7 Rg3 57. Rb6+ Kd7 58. g6 Rf3 59. f7 Ke7 60. Rb7+
Ke6 61. f8=Q Rxf8 62. Kxf8 1-0

[Event "Women's Speed Chess Q1"]
[Site "chess.com INT"]
[Date "2021.05.28"]
[Round "5"]
[White "Avramidou, Anastasia"]
[Black "Pandey, Srishti"]
[Result "1-0"]
[WhiteTitle "FM"]
[BlackTitle "WFM"]
[WhiteElo "2238"]
[BlackElo "2026"]
[WhiteFideId "4239873"]
[BlackFideId "35093290"]
[EventDate "2021.05.28"]

1. d4 d5 2. c4 e6 3. Nc3 Be7 4. Nf3 Nf6 5. cxd5 exd5 6. Bg5 h6 7. Bh4 O-O 8. e3
c6 9. Bd3 Re8 10. Qc2 Ne4 11. Bxe7 Qxe7 12. Ne5 Nd7 13. Nxd7 Bxd7 14. Bxe4 dxe4
15. Rc1 Rac8 16. O-O Bf5 17. h3 Qg5 18. Kh2 Re6 19. Ne2 Bh7 20. Nf4 Rd6 21. Qb3
Qe7 22. Qa3 b6 23. Rc3 Qc7 24. Kg1 Qd7 25. Rfc1 Bf5 26. Kh2 Be6 27. Qa4 Rc7 28.
Qc2 Bf5 29. b4 Qe8 30. b5 Bd7 31. Qb2 Kh7 32. Qa3 Rf6 33. bxc6 Rcxc6 34. Rxc6
Rxc6 35. Rxc6 Bxc6 36. Qxa7 b5 37. Qc5 Qd7 38. d5 Bb7 39. d6 Bc6 40. Ne2 g5 41.
Nd4 Bb7 42. Qc7 Bc8 43. Qc5 Ba6 44. Kg3 Kg6 45. Qc7 Bc8 46. Nc6 f5 47. Ne7+ Kf6
48. Nxc8 Qe6 49. Qe7+ Qxe7 50. dxe7 Kf7 51. Nd6+ Kxe7 52. Nxb5 Ke6 53. Nd4+ Ke5
54. a4 f4+ 55. Kg4 fxe3 56. fxe3 Kd5 57. Kf5 Kc5 58. Kxe4 Kb4 59. Kf5 Kxa4 60.
e4 Kb4 61. e5 Kc5 62. e6 Kd6 63. e7 Kxe7 64. Kg6 Kd6 65. Nf5+ Ke5 66. Nxh6 Kf4
67. Ng4 Kg3 68. Kxg5 Kxg2 69. h4 Kg3 70. h5 Kf3 71. h6 Ke4 72. h7 Kd4 73. h8=Q+
Kd3 74. Qe5 Kc2 75. Qd4 Kc1 76. Qf2 Kb1 77. Kf4 Ka1 78. Ke3 Kb1 79. Kd3 Ka1 80.
Kc3 Kb1 81. Qb2# 1-0

[Event "Women's Speed Chess Q1"]
[Site "chess.com INT"]
[Date "2021.05.28"]
[Round "5"]
[White "Samaganova, Alexandra"]
[Black "Padmini, Rout"]
[Result "1/2-1/2"]
[WhiteTitle "WFM"]
[BlackTitle "IM"]
[WhiteElo "1993"]
[BlackElo "2370"]
[WhiteFideId "13800221"]
[BlackFideId "5029295"]
[EventDate "2021.05.28"]

1. c4 c5 2. Nc3 g6 3. g3 Bg7 4. Bg2 Nc6 5. e3 e5 6. Nge2 Nge7 7. O-O O-O 8. a3
a5 9. Nd5 d6 10. Nec3 Be6 11. h3 Rb8 12. Rb1 Bf5 13. d3 Nxd5 14. cxd5 Ne7 15. b4
cxb4 16. axb4 axb4 17. Rxb4 e4 18. Nxe4 Nxd5 19. Rb3 Bxe4 20. dxe4 Nc3 21. Qd3
Na4 22. Qd5 Qc7 23. Ba3 Nc5 24. Rbb1 b5 25. Rfd1 Rfd8 26. Bf1 Qa7 27. Bxc5 Qxc5
28. Qxc5 dxc5 29. Rxd8+ Rxd8 30. Rxb5 Bf8 31. Kg2 Rc8 32. Bc4 Rc7 33. Kf3 Kg7
34. g4 g5 35. Kg3 Bd6+ 36. Kg2 Be5 37. Ra5 h6 38. Rb5 Kf8 39. Rb8+ Ke7 40. Rb6
Bd6 41. Rb5 Ra7 42. Bd5 Rc7 43. Bc4 f6 44. Kf3 Be5 45. Ra5 Kd6 46. Ra6+ Rc6 47.
Ra8 Rb6 48. Rd8+ Kc7 49. Rf8 Rb4 50. Be6 c4 51. Rc8+ Kd6 52. Rxc4 Rb2 53. Bd5
Ke7 54. Rc6 Bd6 55. Ra6 Bb4 56. Re6+ Kf7 57. Rb6+ Kg7 58. Rb7+ Kf8 59. Rb8+ Ke7
60. Rb7+ Ke8 61. Rb8+ Ke7 62. Rb7+ Ke8 63. Rb8+ Ke7 1/2-1/2

[Event "Women's Speed Chess Q1"]
[Site "chess.com INT"]
[Date "2021.05.28"]
[Round "5"]
[White "Ambartsumova, Karina"]
[Black "Varshini, V"]
[Result "1-0"]
[WhiteTitle "IM"]
[BlackTitle "WGM"]
[WhiteElo "2382"]
[BlackElo "2226"]
[WhiteFideId "4166299"]
[BlackFideId "5091241"]
[EventDate "2021.05.28"]

1. c4 e5 2. Nc3 Nf6 3. Nf3 Nc6 4. a3 d5 5. cxd5 Nxd5 6. Qc2 Be7 7. e4 Nb6 8. Bb5
Bd6 9. d4 exd4 10. Nxd4 Bd7 11. Nxc6 bxc6 12. Be2 O-O 13. O-O Re8 14. f4 Qe7 15.
Bd3 Bc5+ 16. Kh1 Rab8 17. e5 h6 18. Bd2 Nd5 19. Rae1 Bd4 20. Nd1 Qc5 21. Qb1 Bg4
22. b4 Qe7 23. Qc2 c5 24. Bc4 c6 25. b5 Qc7 26. Qe4 Bxd1 27. Rxd1 Red8 28. Bd3
g6 29. e6 cxb5 30. f5 fxe6 31. Qxe6+ Qf7 32. Qxf7+ Kxf7 33. fxg6+ Kg8 34. Rde1
Rb6 35. Bxh6 c4 36. Bf5 c3 37. Be6+ Rxe6 38. Rxe6 c2 39. Re4 Be3 40. Bxe3 Nxe3
41. Rxe3 Rd1 42. Ree1 c1=Q 43. Rxd1 Qg5 44. Rd3 Kg7 45. Rg3 Qd5 46. h3 Kg8 47.
Kg1 a5 48. Rgf3 b4 49. axb4 axb4 50. h4 Kg7 51. Rg3 Qc5+ 52. Kh2 Qd4 53. Kh3 Kg8
54. Rff3 Qd7+ 55. Rg4 Qd6 56. h5 Qe5 57. Kh4 Qe7+ 58. Rg5 Qe4+ 59. Rg4 Qe7+ 60.
Kh3 Qe6 61. h6 Qe7 62. h7+ Kg7 63. Rf7+ Qxf7 64. gxf7+ Kxf7 65. Rxb4 1-0